Conference-USA Football Members History - Statistics

General Stats
  • This quiz has been taken 37 times
  • The average score is 24 of 31
Answer Stats
Current Status Team % Correct
Big 12 UCF
90%
The American Florida Atlantic
86%
The American North Texas
86%
C-USA FIU
83%
Big 12 Houston
83%
C-USA Jacksonville State
83%
The American South Florida
83%
The American UAB
83%
C-USA UTEP
83%
The American UTSA
83%
C-USA Middle Tennessee
79%
ACC SMU
79%
C-USA Kennesaw State
76%
C-USA Liberty
76%
The American Memphis
76%
C-USA New Mexico State
76%
The American Rice
76%
The American Tulane
76%
The American Tulsa
76%
Big 12 Cincinnati
72%
The American East Carolina
72%
C-USA Louisiana Tech
72%
C-USA Sam Houston
72%
C-USA Western Kentucky
72%
ACC Louisville
69%
Sun Belt Old Dominion
69%
Big 12 TCU
69%
The American Army
66%
Sun Belt Marshall
66%
The American Charlotte
62%
Sun Belt Southern Miss
59%
No matching quizzes found
Score Distribution
Percent of People with Each Score
Percentile by Number Answered
Your Score History
You have not taken this quiz